| 000 | 004400000a22001810004500 | ||
|---|---|---|---|
| 003 | MACL | ||
| 005 | 20160123123814.0 | ||
| 008 | 160123b xxu||||| |||| 00| 0 eng d | ||
| 040 |
_aMACL _cMACL |
||
| 041 | _aEnglish | ||
| 082 | _a540/GUP | ||
| 100 |
_aGupta, S.L. _934248 |
||
| 245 | _aScreening Physics | ||
| 260 |
_bJaiprakash Nath Publication _c2003 _aMeerut |
||
| 350 | _a125 | ||
| 650 |
_aPhysics _934249 |
||
| 942 |
_cBK _k530/GUP _2ddc |
||
| 999 |
_c31194 _d31194 |
||